Auswanderungen Bangladesch - Statistiken

Allgemein
  • Dieses Quiz wurde 48 mal gespielt
    26 seit der letzten Aktualisierung
  • Das Durchschnittsergebnis liegt bei 12 aus 21
Antwortstatistiken
Platz Land Anzahl % Korrekt
5. Vereinigte Staaten 800.000
100%
15. Kanada 100.000
80%
4. Vereinigtes Königreich 900.000
80%
19. Japan 40.000
75%
18. Australien 41.233
70%
11. Bahrain 180.000
70%
7. Italien 400.000
70%
1. Saudi-Arabien 2.500.000
70%
20. Thailand 35.000
70%
7. Katar 400.000
65%
2. Vereinigte Arabische Emirate 1.089.917
60%
9. Kuwait 350.000
55%
6. Oman 680.242
55%
3. Malaysia 1.000.000
50%
13. Singapur 150.000
50%
13. Jordanien 150.000
40%
12. Libanon 160.000
35%
10. Südafrika 300.000
25%
20. Brunei 35.000
15%
16. Griechenland 80.000
15%
17. Malediven 47.951
15%
Keine übereinstimmenden Quizze gefunden
Verteilung der Resultate
Anzahl Personen mit jedem Resultat
Perzentil nach korrekt beantworteten Fragen
Ihre Resultats-Entwicklung
Sie haben dieses Quiz seit der letzten Aktualisierung nicht gespielt